Targhe d'immatricolazione Europa - Statistics

Statistiche generali
  • Questo quiz è stato fatto 174 volte
  • Il punteggio medio è 31 su 45
Statistiche sulle risposte
Hint Risposta % Corretto
Austria A
99%
Belgio B
98%
Germania D
98%
Italia I
98%
Spagna E
96%
Lussemburgo L
96%
Svezia S
95%
Francia F
92%
Norvegia N
92%
Albania AL
91%
Malta M
88%
Portogallo P
87%
Regno Unito UK
86%
Ungheria H
82%
Romania RO
80%
Grecia GR
79%
Islanda IS
79%
Lituania LT
78%
Polonia PL
73%
Repubblica Ceca CZ
72%
Andorra AND
69%
Bulgaria BG
66%
Estonia EST
64%
Irlanda IRL
64%
Danimarca DK
62%
Finlandia FIN
62%
Slovenia SLO
62%
Croazia HR
61%
Paesi Bassi NL
61%
Svizzera CH
59%
Bielorussia BY
58%
Cipro CY
58%
Monaco MC
58%
Moldavia MD
57%
Russia RUS
54%
Slovacchia SK
48%
Serbia SRB
48%
Lettonia LV
46%
Ucraina UA
44%
Bosnia ed Erzegovina BIH
38%
Macedonia del Nord MK
38%
Liechtenstein FL
37%
San Marino RSM
37%
Montenegro MNE
25%
Città del Vaticano SCV
19%
Nessun quiz corrispondente trovato
Distribuzione punteggi
Percentuale di utenti per punteggio
Percentile per numero di risposta
I tuoi punteggi nel tempo
Non hai fatto questo quiz